[Event "Lille Luce op 1st"]
[Site "Lille"]
[Date "2010.04.04"]
[Round "2"]
[White "Lai, Antoine"]
[Black "Doucin, Paul"]
[Result "0-1"]
[WhiteElo "1947"]
[BlackElo "1720"]
[PlyCount "134"]
[EventDate "2010.04.03"]
[EventType "swiss"]
[EventRounds "9"]
[EventCountry "FRA"]
[SourceTitle "EXT 2011"]
[Source "ChessBase"]
[SourceDate "2010.11.26"]
[SourceVersion "1"]
[SourceVersionDate "2010.11.26"]
[SourceQuality "1"]

1. e4 c5 2. Nf3 d6 3. d4 cxd4 4. Nxd4 Nf6 5. Nc3 a6 6. f3 e5 7. Nb3 Be7 8. Bc4 Nbd7 9. Be3 Nb6 10. Bxb6 Qxb6 11. Qd3 Qc7 12. 0-0-0 b5 13. Bd5 Rb8 14. Kb1 Bd7 15. Nc1 0-0 16. Bb3 a5 17. Nd5 Nxd5 18. Bxd5 a4 19. Ne2 Rfc8 20. g4 b4 21. Ng3 Bb5 22. Qd2 g6 23. h4 a3 24. b3 Qc3 25. Qxc3 Rxc3 26. Nf1 Be2 27. Rd2 Bxf3 28. Rg1 Bxh4 29. Nh2 Bg5 30. Rf2 Be3 31. Rxf3 Bxg1 32. Rxf7 Kh8 33. Nf3 Re3 34. Kc1 Rxf3 35. Rxf3 Kg7 36. Rf7+ Kh6 37. Rd7 Bc5 38. Rf7 Rh8 39. Kd2 Kg5 40. Be6 Kh4 41. Ke2 Kg5 42. Rf3 Kh4 43. Kf1 d5 44. exd5 Rf8 45. Kg2 Rxf3 46. Kxf3 Kg5 47. Ke4 Kf6 48. g5+ Kxg5 49. Kxe5 Bg1 50. Ke4 Bh2 51. Kf3 Kf6 52. Kg4 Be5 53. Kh4 h5 54. Bc8 Bd6 55. Be6 Be5 56. Bc8 Bd6 57. Be6 Be7 58. Kg3 g5 59. Kf3 Ke5 60. Bf7 h4 61. Be6 Kd4 62. Ke2 Kc3 63. Kd1 Kb2 64. Kd2 Kxa2 65. Kc1 Bd6 66. c3 Kxb3 67. Kb1 Kxc3 0-1

[Event "Avoine op 21th"]
[Site "Avoine"]
[Date "2006.07.28"]
[Round "7"]
[White "Lai, Antoine"]
[Black "Giua, Frederic"]
[Result "1/2-1/2"]
[WhiteElo "2021"]
[BlackElo "2211"]
[PlyCount "74"]
[EventDate "2006.07.22"]
[EventType "swiss"]
[EventRounds "9"]
[EventCountry "FRA"]
[SourceTitle "EXT 2007"]
[Source "ChessBase"]
[SourceDate "2006.11.23"]
[SourceVersion "1"]
[SourceVersionDate "2006.11.23"]
[SourceQuality "1"]

1. e4 c5 2. Nf3 e6 3. d4 cxd4 4. Nxd4 Nf6 5. Nc3 a6 6. f3 Qc7 7. Bd3 b5 8. Be3 Bb7 9. Qd2 b4 10. Na4 d5 11. exd5 Nxd5 12. Bf2 Bd6 13. Ne2 Qa5 14. b3 Qc7 15. c4 bxc3 16. Naxc3 Bb4 17. Rc1 Nxc3 18. Nxc3 Nd7 19. 0-0 Rc8 20. Be1 Qa5 21. Qc2 Nf6 22. Bc4 0-0 23. Qe2 Rfd8 24. Rc2 Rd7 25. Na4 Rcd8 26. Bxb4 Qxb4 27. Bxa6 Rd2 28. Rxd2 Rxd2 29. Qc4 Qxc4 30. Bxc4 Rxa2 31. Rf2 Ra3 32. Rd2 Kf8 33. Kf2 Bd5 34. Nb6 Bxc4 35. bxc4 Ke7 36. Nc8+ Ke8 37. Nd6+ Ke7 1/2-1/2

[Event "FRA-chT2B 0506"]
[Site "France"]
[Date "2005.10.16"]
[Round "1.3"]
[White "Lai, Antoine"]
[Black "Pile, Richard"]
[Result "0-1"]
[WhiteElo "2055"]
[BlackElo "2268"]
[PlyCount "64"]
[EventDate "2005.10.27"]
[EventType "team-tourn"]
[EventRounds "11"]
[EventCountry "FRA"]
[SourceTitle "EXT 2006"]
[Source "ChessBase"]
[SourceDate "2005.11.24"]
[SourceVersion "1"]
[SourceVersionDate "2005.11.24"]
[SourceQuality "1"]
[WhiteTeam "Lille"]
[BlackTeam "Paris NAO II"]
[WhiteTeamCountry "FRA"]
[BlackTeamCountry "FRA"]

1. e4 c5 2. Nc3 a6 3. Bc4 e6 4. d3 b5 5. Bb3 Bb7 6. a4 c4 7. dxc4 b4 8. Nce2 Bxe4 9. f3 Bb7 10. Be3 Qc7 11. Nd4 Nf6 12. Nge2 Be7 13. Qd2 0-0 14. 0-0-0 d5 15. cxd5 Bxd5 16. Bxd5 Nxd5 17. Nf5 Nc6 18. Bf4 Qa5 19. Nxe7+ Ncxe7 20. b3 Rfc8 21. Be5 Nc3 22. Bxc3 bxc3 23. Qd6 Nf5 24. Qa3 Qe5 25. Ng3 Nxg3 26. hxg3 Qxg3 27. Rdg1 Rab8 28. Qe7 Qf2 29. Qa3 Rd8 30. Rd1 Qxg2 31. Qe7 Rd2 32. Rxd2 cxd2+ 0-1

[Event "FRA-chT3 North 0304"]
[Site "France"]
[Date "2004.02.01"]
[Round "6.8"]
[White "Lai, Antoine"]
[Black "Longuemart, Jean Paul"]
[Result "1-0"]
[WhiteElo "1970"]
[BlackElo "1670"]
[PlyCount "101"]
[EventDate "2003.11.??"]
[EventType "team-tourn"]
[EventRounds "9"]
[EventCountry "FRA"]
[SourceTitle "EXT 2006"]
[Source "ChessBase"]
[SourceDate "2005.11.24"]
[SourceVersion "1"]
[SourceVersionDate "2005.11.24"]
[SourceQuality "1"]
[WhiteTeam "Lille II"]
[BlackTeam "Noyon II"]
[WhiteTeamCountry "FRA"]
[BlackTeamCountry "FRA"]

1. e4 c5 2. Nc3 Nc6 3. Bc4 e6 4. d3 Nf6 5. Bg5 Be7 6. f4 d5 7. Bb3 d4 8. Nce2 Ng4 9. Bxe7 Qxe7 10. Ng3 Ne3 11. Qf3 Qh4 12. Kd2 Bd7 13. Nf1 Ng4 14. g3 Qh5 15. h3 c4 16. e5 cxb3 17. hxg4 Qg6 18. Qe2 bxc2 19. Rc1 f5 20. gxf5 Qxf5 21. Rh5 Qf7 22. Rxc2 g6 23. Rh2 h6 24. Nf3 0-0-0 25. Nxd4 Kb8 26. Nb5 Qg7 27. Nd6 Nd4 28. Qe4 Bc6 29. Qxd4 Bd5 30. Ne3 Rxd6 31. Qb4 Rd7 32. Nxd5 Rxd5 33. Rc3 Rhd8 34. Rh1 Qd7 35. Qb3 h5 36. Rhc1 Rd4 37. Qc2 h4 38. gxh4 Rxf4 39. Ke1 Rxh4 40. Qg2 Qh7 41. Rc7 Rh1+ 42. Kd2 Qh4 43. Ke2 Qh5+ 44. Ke3 Re1+ 45. Kd2 Rd1+ 46. Rxd1 Kxc7 47. Rf1 Rd7 48. Qe4 g5 49. Qc4+ Kd8 50. Rf8+ Ke7 51. Qc5+ 1-0

[Event "Herlies op 7th"]
[Site "Herlies"]
[Date "2002.04.02"]
[Round "6"]
[White "Deschin, Pierre Antoine"]
[Black "Lai, Antoine"]
[Result "1/2-1/2"]
[WhiteElo "1880"]
[BlackElo "1900"]
[PlyCount "73"]
[EventDate "2002.03.30"]
[EventType "swiss"]
[EventRounds "7"]
[EventCountry "FRA"]
[SourceTitle "EXT 2004"]
[Source "ChessBase"]
[SourceDate "2003.11.25"]
[SourceVersion "1"]
[SourceVersionDate "2003.11.25"]
[SourceQuality "1"]

1. e4 e5 2. Nf3 Nc6 3. Bb5 d6 4. d4 Nf6 5. d5 a6 6. Ba4 b5 7. Bxb5 axb5 8. dxc6 Nxe4 9. Qe2 Nf6 10. Qxb5 Be7 11. c4 Ba6 12. Qb3 Qb8 13. Nbd2 0-0 14. Qxb8 Rfxb8 15. a3 Bc8 16. 0-0 Rb6 17. a4 Rxc6 18. b4 Rca6 19. a5 h6 20. Bb2 c6 21. Bc3 Rb8 22. Rfe1 Ne8 23. Rad1 f6 24. Nb1 Be6 25. Na3 Nc7 26. Rb1 Bd7 27. Nc2 Bf5 28. Rb2 Bxc2 29. Rxc2 d5 30. c5 Kf7 31. Kf1 d4 32. Bd2 Nd5 33. Rc4 Ra7 34. Ra1 Nc7 35. Ne1 Na6 36. f3 Rab7 37. Nd3 1/2-1/2

[Event "Herlies op 7th"]
[Site "Herlies"]
[Date "2002.03.31"]
[Round "3"]
[White "Lai, Antoine"]
[Black "Martel, Stefan"]
[Result "1/2-1/2"]
[WhiteElo "1900"]
[BlackElo "1650"]
[PlyCount "91"]
[EventDate "2002.03.30"]
[EventType "swiss"]
[EventRounds "7"]
[EventCountry "FRA"]
[SourceTitle "EXT 2004"]
[Source "ChessBase"]
[SourceDate "2003.11.25"]
[SourceVersion "1"]
[SourceVersionDate "2003.11.25"]
[SourceQuality "1"]

1. e4 e5 2. Nf3 Nf6 3. Nc3 d6 4. Bc4 h6 5. d3 Nbd7 6. Nd5 Nxd5 7. Bxd5 Nf6 8. Bb3 Bg4 9. Be3 Be7 10. Qd2 Qd7 11. h3 Be6 12. c3 c5 13. c4 a6 14. Qa5 Qd8 15. Qxd8+ Bxd8 16. 0-0 0-0 17. Bc2 b5 18. b3 Bc7 19. Rab1 b4 20. Ra1 Nd7 21. a3 a5 22. Ra2 Nb6 23. Rfa1 f5 24. axb4 axb4 25. Nh4 fxe4 26. dxe4 Rxa2 27. Rxa2 Ra8 28. Rxa8+ Nxa8 29. Kh2 Bd8 30. Nf3 Nc7 31. g3 Bf6 32. Nd2 Kh7 33. f4 g6 34. Nf3 exf4 35. gxf4 Kg7 36. Kg3 Bf7 37. Nh4 Ne6 38. f5 Be5+ 39. Kf3 Nf8 40. fxg6 Bxg6 41. Nf5+ Bxf5 42. exf5 Nd7 43. Bf4 Bxf4 44. Kxf4 Nf6 45. Be4 Kf8 46. Bf3 1/2-1/2

[Event "FRA-chT3 Gr8 0102"]
[Site "France"]
[Date "2001.12.09"]
[Round "4"]
[White "Riquier, Laurent"]
[Black "Lai, Antoine"]
[Result "1-0"]
[WhiteElo "1880"]
[BlackElo "1910"]
[PlyCount "39"]
[EventDate "2001.10.??"]
[EventType "team-tourn"]
[EventRounds "9"]
[EventCountry "FRA"]
[SourceTitle "EXT 2005"]
[Source "ChessBase"]
[SourceDate "2004.11.15"]
[SourceVersion "1"]
[SourceVersionDate "2004.11.15"]
[SourceQuality "1"]

1. d4 d5 2. Nf3 e6 3. Bf4 Nf6 4. e3 c5 5. c3 Nc6 6. Nbd2 Bd7 7. Bd3 cxd4 8. exd4 Be7 9. Qe2 0-0 10. Ng5 Re8 11. Be5 h6 12. h4 Nxe5 13. dxe5 Ne4 14. Ndxe4 hxg5 15. Nd6 Bxd6 16. hxg5 Qxg5 17. Rh5 Qxg2 18. exd6 Qg1+ 19. Kd2 Qxa1 20. Rh8+ 1-0

[Event "Bethune op 21st"]
[Site "Bethune"]
[Date "2000.??.??"]
[Round "4"]
[White "Lai, Antoine"]
[Black "Lepan, Marvin"]
[Result "0-1"]
[WhiteElo "1700"]
[BlackElo "2060"]
[PlyCount "52"]
[EventDate "2000.12.26"]
[EventType "swiss"]
[EventRounds "7"]
[EventCountry "FRA"]
[SourceTitle "EXT 2003"]
[Source "ChessBase"]
[SourceDate "2002.11.25"]
[SourceVersion "1"]
[SourceVersionDate "2002.11.25"]
[SourceQuality "1"]

1. e4 c5 2. Bc4 Nc6 3. Nc3 e6 4. d3 g6 5. Bf4 d6 6. Nf3 Bg7 7. Qd2 a6 8. a4 h6 9. 0-0 Nd4 10. Nxd4 cxd4 11. Ne2 Ne7 12. c3 e5 13. Bg3 dxc3 14. bxc3 0-0 15. f4 Qe8 16. d4 exd4 17. cxd4 Qc6 18. Qd3 d5 19. exd5 Nxd5 20. Rfc1 Bg4 21. Rd1 Ne3 22. Bxf7+ Rxf7 23. Qxe3 Re8 24. Qb3 Rxe2 25. d5 Qc5+ 26. Kf1 Rxf4+ 0-1